00885nam a2200217 a 450000100100000000500170001000800410002702000180006804000250008608200130011110000470012424501440017126000730031530000200038849000290040850400280043770000370046583000360050295201120053899900170065000004069920240322173701.0130905s2008 dr 000 0 spa d a9789945443349 aDO-SdBNPbspacBNPHU axxxbxxx1 aAndújar Scheker, Julio G.,d1966-96430813aUn modelo macroeconómico de pequeña escala para la República Dominicana /cJulio Gabriel Andújar Scheker, Alexander Medina Féliz. aSanto Domingo, :bBanco Central de la República Dominicana,c2008. a60 p. ;c28 cm.1 aEstudios económicosv2 aBibliografía p: 47-511 aMedina Féliz, Alexander967073 0aEstudios económicosv2967074 00107-18PDaPDbPDcOId2013-09-05iLF1l0oxxx xxxp40699-10r2020-06-25w2020-06-25yLFPDZNo se presta c40189d40189